[Event "Parnu Keres Memorial op"]
[Site "Parnu"]
[Date "2023.07.29"]
[Round "9"]
[White "Kekelidze, Mikheil"]
[Black "Chukavin, Kirill"]
[Result "1-0"]
[WhiteElo "2331"]
[BlackElo "2371"]
[PlyCount "61"]
[EventDate "2023.07.24"]
[EventType "swiss"]
[EventRounds "9"]
[EventCountry "EST"]
[SourceTitle "CBM 215 Extra"]
[Source "ChessBase"]
[SourceDate "2023.09.30"]
[SourceVersion "1"]
[SourceVersionDate "2023.09.30"]
[SourceQuality "1"]

1. d4 Nf6 2. c4 e6 3. Nf3 d5 4. Bg5 dxc4 5. Qa4+ Nbd7 6. Nc3 a6 7. e4 Be7 8. Bxf6 Bxf6 9. e5 Be7 10. Bxc4 0-0 11. Qc2 c5 12. dxc5 Qc7 13. 0-0 Nxe5 14. Nxe5 Qxe5 15. Bd3 Qxc5 16. Bxh7+ Kh8 17. Be4 Rb8 18. Rfd1 b5 19. Qd3 f5 20. Qh3+ Kg8 21. Bf3 Qb6 22. Ne2 e5 23. Bd5+ Be6 24. Qb3 Kf7 25. Re1 Bc5 26. Nf4 Bxf2+ 27. Kf1 Bxe1 28. Bxe6+ Ke8 29. Rxe1 exf4 30. Bxf5+ Kd8 31. Qd5+ 1-0

[Event "Parnu Keres Memorial op"]
[Site "Parnu"]
[Date "2023.07.28"]
[Round "7"]
[White "Chukavin, Kirill"]
[Black "Sharan, Rao"]
[Result "0-1"]
[WhiteElo "2371"]
[BlackElo "2255"]
[PlyCount "92"]
[EventDate "2023.07.24"]
[EventType "swiss"]
[EventRounds "9"]
[EventCountry "EST"]
[SourceTitle "CBM 215 Extra"]
[Source "ChessBase"]
[SourceDate "2023.09.30"]
[SourceVersion "1"]
[SourceVersionDate "2023.09.30"]
[SourceQuality "1"]

1. e4 e6 2. d4 d5 3. Nd2 Nf6 4. e5 Nfd7 5. Bd3 c5 6. c3 Nc6 7. Ne2 cxd4 8. cxd4 f6 9. exf6 Nxf6 10. Nf3 Bd6 11. 0-0 Qc7 12. h3 0-0 13. Be3 Bd7 14. Rc1 Be8 15. Ng5 Qd7 16. f4 h6 17. Nf3 Ne4 18. Bxe4 dxe4 19. Ne5 Qe7 20. Ng3 Nb4 21. Qb3 a5 22. Nxe4 Nd5 23. Bd2 Bb8 24. Nc5 Ba7 25. f5 a4 26. Qg3 exf5 27. Bxh6 Nf6 28. Bg5 Rd8 29. Nf3 Rxd4 30. Nxd4 Bxc5 31. Qc3 b6 32. Kh1 Qd7 33. Nxf5 Nh5 34. Ng3 Rxf1+ 35. Rxf1 Qd5 36. Nxh5 Qxg5 37. Rf5 Qh6 38. Qe5 Bf7 39. Qb8+ Kh7 40. Rxf7 Qc1+ 41. Kh2 Bg1+ 42. Kg3 Qg5+ 43. Kf3 Qxh5+ 44. Ke4 Qxf7 45. a3 Qc4+ 46. Kf5 Qd5+ 0-1

[Event "Tallin Keres Memorial Rapid 32nd"]
[Site "Tallinn"]
[Date "2023.01.07"]
[Round "7"]
[White "Chukavin, Kirill"]
[Black "Golubovskis, Maksims"]
[Result "0-1"]
[WhiteElo "2371"]
[BlackElo "2176"]
[PlyCount "122"]
[EventDate "2023.01.07"]
[EventType "swiss (rapid)"]
[EventRounds "11"]
[EventCountry "EST"]
[SourceTitle "CBM 212 Extra"]
[Source "ChessBase"]
[SourceDate "2023.03.31"]
[SourceVersion "1"]
[SourceVersionDate "2023.03.31"]
[SourceQuality "1"]

1. e4 g6 2. d4 Nf6 3. e5 Nh5 4. Nf3 d6 5. Bc4 d5 6. Bd3 c5 7. dxc5 Nc6 8. h3 Qc7 9. Qe2 Ng7 10. Nc3 d4 11. Nb5 Qd8 12. 0-0 Ne6 13. c3 dxc3 14. Rd1 Bd7 15. Nxc3 Nxc5 16. Bc4 Qc8 17. Be3 Ne6 18. Rac1 Bg7 19. Nd5 Qb8 20. Bc5 Nxc5 21. Nf6+ Bxf6 22. exf6 Be6 23. Bb5 Nd7 24. Ng5 Qe5 25. Qxe5 Ndxe5 26. f4 Nd7 27. Nxe6 fxe6 28. f7+ Kd8 29. Bxc6 bxc6 30. Rxc6 Rf8 31. Rxe6 Rxf7 32. Re4 Rb8 33. b3 Rf6 34. Red4 Rb7 35. g3 Ke8 36. Rc4 Kf7 37. Ra4 e5 38. fxe5 Nxe5 39. Kg2 Rc7 40. Rd2 Rfc6 41. g4 g5 42. Ra5 Re6 43. Rf2+ Kg6 44. Re2 Rce7 45. Kg3 Nc6 46. Rxe6+ Rxe6 47. Ra6 Kf6 48. h4 h6 49. hxg5+ hxg5 50. a3 Nd4 51. Rxa7 Re3+ 52. Kf2 Rxb3 53. Ra5 Ne6 54. a4 Ra3 55. Rf5+ Kg6 56. a5 Nd4 57. Rd5 Nb3 58. Rd6+ Kf7 59. a6 Nc5 60. Rd5 Ne4+ 61. Ke2 Nc3+ 0-1

[Event "Wch U20 59th"]
[Site "Cala Gonone"]
[Date "2022.10.21"]
[Round "10"]
[White "Avila Rodriguez, Joshua Ad"]
[Black "Chukavin, Kirill"]
[Result "1/2-1/2"]
[WhiteElo "2225"]
[BlackElo "2384"]
[PlyCount "119"]
[EventDate "2022.10.12"]
[EventType "swiss"]
[EventRounds "11"]
[EventCountry "ITA"]
[SourceTitle "CBM 210 Extra"]
[Source "ChessBase"]
[SourceDate "2022.11.30"]
[SourceVersion "1"]
[SourceVersionDate "2022.11.30"]
[SourceQuality "1"]

1. e4 c5 2. Nf3 Nc6 3. d4 cxd4 4. Nxd4 Qb6 5. Nb3 Nf6 6. Nc3 e6 7. a3 Be7 8. Bf4 0-0 9. e5 Ne8 10. Bd3 f6 11. exf6 Bxf6 12. Qd2 d5 13. 0-0 Qd8 14. Bg3 Kh8 15. Be2 Nd6 16. Bxd6 Qxd6 17. Ne4 Qe5 18. Nxf6 Qxf6 19. c4 Rd8 20. Qc2 d4 21. Rad1 e5 22. Bd3 g6 23. Nd2 Bf5 24. b4 Rac8 25. Rfe1 a5 26. Rb1 b6 27. Ne4 Qe7 28. Qd2 axb4 29. axb4 Ra8 30. c5 bxc5 31. Nxc5 Rdb8 32. f4 Qd6 33. fxe5 Nxe5 34. Bxf5 gxf5 35. Qf4 Nc4 36. Qxd6 Nxd6 37. Ne6 Ra4 38. Nxd4 Rbxb4 39. Rxb4 Rxb4 40. Rd1 Rb6 41. Rf1 Kg7 42. Nxf5+ Nxf5 43. Rxf5 Kg6 44. Rf2 Rb1+ 45. Rf1 Rb2 46. Re1 h5 47. Kf1 Kf5 48. Re2 Rxe2 49. Kxe2 Ke4 50. Kf2 h4 51. Ke2 Kf4 52. Kf1 h3 53. g3+ Kf3 54. Kg1 Ke3 55. Kf1 Kf3 56. Ke1 Kg2 57. g4 Kxh2 58. Kf2 Kh1 59. g5 h2 60. g6 1/2-1/2

[Event "Keres Memorial rap 31st"]
[Site "Tallinn"]
[Date "2022.09.11"]
[Round "10"]
[White "Volodin, Aleksandr"]
[Black "Chukavin, Kirill"]
[Result "1/2-1/2"]
[WhiteElo "2429"]
[BlackElo "2384"]
[PlyCount "71"]
[EventDate "2022.09.10"]
[EventType "swiss (rapid)"]
[EventRounds "11"]
[EventCountry "EST"]
[SourceTitle "CBM 210 Extra"]
[Source "ChessBase"]
[SourceDate "2022.11.30"]
[SourceVersion "1"]
[SourceVersionDate "2022.11.30"]
[SourceQuality "1"]

1. d4 Nf6 2. c4 e6 3. Nf3 d5 4. g3 Bb4+ 5. Bd2 Bd6 6. Qc2 c6 7. Nc3 Bb4 8. Bg2 0-0 9. 0-0 dxc4 10. e4 h6 11. e5 Nd5 12. Ne4 Be7 13. Qxc4 Nd7 14. Rad1 a5 15. Qc1 Re8 16. Rfe1 Nb4 17. Qb1 b5 18. h4 Bb7 19. a3 Nd5 20. Qc1 Bf8 21. Nc5 Bxc5 22. dxc5 Qe7 23. b4 axb4 24. Bxb4 Ra4 25. Nd4 Nb8 26. Bxd5 exd5 27. f4 Na6 28. Qc3 Qc7 29. Re3 Bc8 30. Rde1 Bg4 31. f5 Nxb4 32. axb4 Ra2 33. Qd3 Rb2 34. Qc3 Ra2 35. Qd3 Rb2 36. Qc3 1/2-1/2

[Event "Keres Memorial rap 31st"]
[Site "Tallinn"]
[Date "2022.09.10"]
[Round "1"]
[White "Chukavin, Kirill"]
[Black "Dzjuba, Jegor"]
[Result "1-0"]
[WhiteElo "2384"]
[BlackElo "1500"]
[PlyCount "47"]
[EventDate "2022.09.10"]
[EventType "swiss (rapid)"]
[EventRounds "11"]
[EventCountry "EST"]
[SourceTitle "CBM 210 Extra"]
[Source "ChessBase"]
[SourceDate "2022.11.30"]
[SourceVersion "1"]
[SourceVersionDate "2022.11.30"]
[SourceQuality "1"]

1. e4 e6 2. d4 d5 3. Nd2 Nf6 4. e5 Nfd7 5. Bd3 c5 6. c3 Nc6 7. Ne2 Qb6 8. Nf3 Be7 9. 0-0 0-0 10. Re1 f6 11. exf6 Bxf6 12. Nf4 cxd4 13. Nxe6 dxc3 14. Nxf8 Nxf8 15. bxc3 Bxc3 16. Rb1 Qc7 17. Bxh7+ Nxh7 18. Re8+ Nf8 19. Ba3 Bf5 20. Rxa8 Nb8 21. Qxd5+ Be6 22. Qxb7 Qa5 23. Bxf8 Kxf8 24. Rxb8+ 1-0

[Event "Olympiad-44"]
[Site "Chennai"]
[Date "2022.08.08"]
[Round "10.2"]
[White "Chukavin, Kirill"]
[Black "Blackburn, Jonathan LB"]
[Result "1/2-1/2"]
[WhiteElo "2418"]
[BlackElo "2176"]
[PlyCount "114"]
[EventDate "2022.07.29"]
[EventType "team-swiss"]
[EventRounds "11"]
[EventCountry "IND"]
[SourceTitle "CBM 210"]
[Source "ChessBase"]
[SourceDate "2022.10.31"]
[SourceVersion "1"]
[SourceVersionDate "2022.10.31"]
[SourceQuality "1"]
[WhiteTeam "Estonia"]
[BlackTeam "Wales"]
[WhiteTeamCountry "EST"]
[BlackTeamCountry "WLS"]

1. e4 e6 2. d4 d5 3. Nd2 c5 4. Ngf3 Nc6 5. exd5 exd5 6. Bb5 Qe7+ 7. Be2 Qc7 8. 0-0 Nf6 9. Re1 cxd4 10. Nb3 Bb4 11. Bd2 Bxd2 12. Qxd2 0-0 13. Bd3 Bd7 14. Nbxd4 Rfe8 15. c3 Na5 16. Qc2 Nc4 17. h3 g6 18. Rad1 Rac8 19. Qc1 Kg7 20. Bf5 h6 21. Bxd7 Nxd7 22. Rxe8 Rxe8 23. Re1 Nde5 24. Nxe5 Rxe5 25. b3 Rxe1+ 26. Qxe1 Ne5 27. Qe3 Nc6 28. Nb5 Qd7 29. Kf1 Qf5 30. Na3 h5 31. Ke2 d4 32. cxd4 Qa5 33. Nc4 Qxa2+ 34. Nd2 Qa6+ 35. Kf3 Qa5 36. Kg3 Qd5 37. Nf3 Qd6+ 38. Qf4 h4+ 39. Nxh4 Qxf4+ 40. Kxf4 Nxd4 41. b4 b5 42. Ke4 Nc6 43. Nf3 Nxb4 44. Nd4 f5+ 45. Kf4 a6 46. g4 fxg4 47. hxg4 Nd3+ 48. Ke3 Ne5 49. g5 b4 50. f4 Nc4+ 51. Kd3 Nb6 52. f5 gxf5 53. Nxf5+ Kg6 54. Ne7+ Kxg5 55. Nc6 Nd5 56. Kc4 Kf6 57. Nxb4 Nxb4 1/2-1/2

[Event "Olympiad-44"]
[Site "Chennai"]
[Date "2022.08.06"]
[Round "8.1"]
[White "Peralta, Fernando"]
[Black "Chukavin, Kirill"]
[Result "1-0"]
[WhiteElo "2591"]
[BlackElo "2418"]
[PlyCount "83"]
[EventDate "2022.07.29"]
[EventType "team-swiss"]
[EventRounds "11"]
[EventCountry "IND"]
[SourceTitle "CBM 210"]
[Source "ChessBase"]
[SourceDate "2022.10.31"]
[SourceVersion "1"]
[SourceVersionDate "2022.10.31"]
[SourceQuality "1"]
[WhiteTeam "Argentina"]
[BlackTeam "Estonia"]
[WhiteTeamCountry "ARG"]
[BlackTeamCountry "EST"]

1. d4 Nf6 2. c4 e6 3. Nc3 Bb4 4. e3 0-0 5. Bd3 d5 6. cxd5 exd5 7. a3 Bd6 8. Qc2 c6 9. Nge2 a5 10. 0-0 Na6 11. Bd2 Re8 12. Ng3 g6 13. Rae1 c5 14. Bb5 Bd7 15. Bxa6 bxa6 16. dxc5 Bxc5 17. Nxd5 Nxd5 18. Qxc5 Bb5 19. e4 Nc7 20. Bxa5 Bxf1 21. Bxc7 Qd7 22. Ba5 Bb5 23. Bc3 Qe7 24. Qd4 f6 25. Qxf6 Qxf6 26. Bxf6 Kf7 27. Bc3 Rad8 28. f3 h5 29. h4 Ke6 30. Kf2 Rf8 31. Ne2 Bxe2 32. Kxe2 Rf4 33. Rh1 Rf7 34. Rh3 Rg8 35. Ke3 Rd7 36. Ke2 g5 37. hxg5 Rxg5 38. g3 Rh7 39. f4 Rg4 40. Kf3 Rg8 41. Rh1 Rd7 42. f5+ 1-0

[Event "Olympiad-44"]
[Site "Chennai"]
[Date "2022.08.05"]
[Round "7.2"]
[White "Chukavin, Kirill"]
[Black "Chavez, Ricardo Ernesto"]
[Result "1-0"]
[WhiteElo "2418"]
[BlackElo "2179"]
[PlyCount "73"]
[EventDate "2022.07.29"]
[EventType "team-swiss"]
[EventRounds "11"]
[EventCountry "IND"]
[SourceTitle "CBM 210"]
[Source "ChessBase"]
[SourceDate "2022.10.31"]
[SourceVersion "1"]
[SourceVersionDate "2022.10.31"]
[SourceQuality "1"]
[WhiteTeam "Estonia"]
[BlackTeam "El Salvador"]
[WhiteTeamCountry "EST"]
[BlackTeamCountry "ESA"]

1. e4 g6 2. d4 Bg7 3. Nc3 d6 4. f4 a6 5. Nf3 b5 6. Bd3 Nd7 7. a4 b4 8. Ne2 c5 9. c3 bxc3 10. bxc3 Bb7 11. 0-0 e6 12. Ng3 Ne7 13. Rb1 Qc7 14. f5 exf5 15. exf5 0-0 16. Kh1 Nd5 17. Bd2 Rab8 18. Qc1 N7f6 19. Ne4 Rfe8 20. Nxf6+ Nxf6 21. Bg5 Ne4 22. Bh6 cxd4 23. Bxg7 Kxg7 24. Qf4 dxc3 25. Bxe4 Rxe4 26. f6+ Kf8 27. Qh6+ Ke8 28. Qxh7 c2 29. Rbe1 Bd5 30. Rxe4+ Bxe4 31. Qg8+ Kd7 32. Qxf7+ Kd8 33. Qf8+ Kd7 34. Qe7+ Kc8 35. Qe8+ Kb7 36. Qxe4+ Qc6 37. Qxc6+ 1-0

[Event "Olympiad-44"]
[Site "Chennai"]
[Date "2022.08.01"]
[Round "4.2"]
[White "Liu, Yeh Yang"]
[Black "Chukavin, Kirill"]
[Result "1-0"]
[WhiteElo "1994"]
[BlackElo "2418"]
[PlyCount "91"]
[EventDate "2022.07.29"]
[EventType "team-swiss"]
[EventRounds "11"]
[EventCountry "IND"]
[SourceTitle "CBM 210"]
[Source "ChessBase"]
[SourceDate "2022.10.31"]
[SourceVersion "1"]
[SourceVersionDate "2022.10.31"]
[SourceQuality "1"]
[WhiteTeam "Chinese Taipei"]
[BlackTeam "Estonia"]
[WhiteTeamCountry "TPE"]
[BlackTeamCountry "EST"]

1. e4 c5 2. Nf3 a6 3. c3 d5 4. exd5 Qxd5 5. d4 Nf6 6. c4 Qe4+ 7. Be3 cxd4 8. Nbd2 Qc6 9. Nxd4 Qc7 10. Be2 e5 11. Nc2 Nc6 12. 0-0 Be6 13. a3 Be7 14. b4 Rd8 15. Qc1 0-0 16. Qb2 e4 17. h3 Ne5 18. Nd4 Bxc4 19. Rfc1 b5 20. Nf5 Rfe8 21. Nxc4 bxc4 22. Bd4 Nd3 23. Bxd3 exd3 24. Ne3 Nh5 25. Rxc4 Qd7 26. Rd1 Bf6 27. Rxd3 Nf4 28. Rd1 Bxd4 29. Rcxd4 Qxd4 30. Rxd4 Rxd4 31. Nf5 Rd1+ 32. Kh2 Ne6 33. Qe2 Rd5 34. g4 a5 35. b5 Rdd8 36. Qe5 f6 37. Qc3 a4 38. Qc4 g6 39. Ne3 Rd4 40. Qc6 Kf7 41. Nc4 Rb8 42. b6 Ke7 43. Qxa4 Nd8 44. Qa7+ Rb7 45. Na5 Rbd7 46. b7 1-0

[Event "Olympiad-44"]
[Site "Chennai"]
[Date "2022.07.30"]
[Round "2.2"]
[White "Chukavin, Kirill"]
[Black "Praggnanandhaa, Rameshbabu"]
[Result "0-1"]
[WhiteElo "2418"]
[BlackElo "2648"]
[PlyCount "82"]
[EventDate "2022.07.29"]
[EventType "team-swiss"]
[EventRounds "11"]
[EventCountry "IND"]
[SourceTitle "CBM 210"]
[Source "ChessBase"]
[SourceDate "2022.10.31"]
[SourceVersion "1"]
[SourceVersionDate "2022.10.31"]
[SourceQuality "1"]
[WhiteTeam "Estonia"]
[BlackTeam "India II"]
[WhiteTeamCountry "EST"]
[BlackTeamCountry "IND"]

1. e4 c5 2. Nf3 Nc6 3. d4 cxd4 4. Nxd4 Nf6 5. Nc3 d6 6. g3 g6 7. Nde2 Bg7 8. Bg2 Bd7 9. h3 Qc8 10. Nf4 h5 11. Nfd5 Nxd5 12. Nxd5 b5 13. c3 0-0 14. Bg5 Re8 15. Kf1 Be6 16. Kg1 b4 17. cxb4 Bxd5 18. Qxd5 Nxb4 19. Qd2 Rb8 20. Rc1 Qa6 21. a3 Nc6 22. Bf1 Qb7 23. b4 Nd4 24. Qd3 a5 25. Be3 Nf3+ 26. Kg2 Ne5 27. Qb1 axb4 28. a4 b3 29. Bb5 b2 30. Rcd1 Nc6 31. Rhe1 Rec8 32. Re2 Na7 33. Bxa7 Qxa7 34. Rc2 Rc5 35. Rdd2 Rbc8 36. h4 Qa8 37. f3 Qa5 38. Re2 Rxc2 39. Rxc2 Rxc2+ 40. Qxc2 Qe1 41. Bd3 Bd4 0-1

[Event "EST Masters"]
[Site "Tornelo INT"]
[Date "2022.02.11"]
[Round "1.1"]
[White "Chukavin, Kirill"]
[Black "Seeman, Tarvo"]
[Result "1-0"]
[WhiteElo "2414"]
[BlackElo "2411"]
[PlyCount "57"]
[EventDate "2022.02.11"]
[EventType "k.o. (rapid)"]
[EventRounds "3"]
[EventCountry "EST"]
[SourceTitle "CBM 206 Extra"]
[Source "ChessBase"]
[SourceDate "2022.03.31"]
[SourceVersion "1"]
[SourceVersionDate "2022.03.31"]
[SourceQuality "1"]

1. e4 e6 2. d4 d5 3. Nd2 Nc6 4. Ngf3 Nf6 5. e5 Nd7 6. Be2 f6 7. exf6 Qxf6 8. Nf1 Bd6 9. Ne3 0-0 10. 0-0 Qg6 11. Re1 Nf6 12. c4 Bd7 13. c5 Be7 14. Bb5 Ne4 15. Bxc6 Bxc6 16. Ne5 Qe8 17. f3 Nf6 18. N3g4 b6 19. Nxc6 Qxc6 20. Ne5 Qe8 21. Nd3 bxc5 22. Rxe6 Qd7 23. Qe2 Rae8 24. dxc5 Qb5 25. Be3 Nd7 26. a4 Qc4 27. Rc1 Qxa4 28. Bf2 Kf7 29. Re1 1-0

[Event "EST Masters"]
[Site "Tornelo INT"]
[Date "2022.02.11"]
[Round "1.4"]
[White "Seeman, Tarvo"]
[Black "Chukavin, Kirill"]
[Result "1/2-1/2"]
[WhiteElo "2411"]
[BlackElo "2414"]
[PlyCount "96"]
[EventDate "2022.02.11"]
[EventType "k.o. (rapid)"]
[EventRounds "3"]
[EventCountry "EST"]
[SourceTitle "CBM 206 Extra"]
[Source "ChessBase"]
[SourceDate "2022.03.31"]
[SourceVersion "1"]
[SourceVersionDate "2022.03.31"]
[SourceQuality "1"]

1. c4 e6 2. Nf3 Nf6 3. g3 d5 4. Bg2 dxc4 5. 0-0 Nbd7 6. Qc2 Nb6 7. a4 a5 8. Na3 Bxa3 9. Rxa3 0-0 10. d3 cxd3 11. Rxd3 Nfd5 12. Rd4 Qe7 13. b3 h6 14. Rfd1 Nb4 15. Qb2 Qf6 16. Qd2 e5 17. Re4 Be6 18. Nxe5 Rad8 19. Nd3 Bxb3 20. Bb2 Qg6 21. Rc1 Nxd3 22. exd3 Bd5 23. Qxa5 Bxe4 24. Bxe4 Qd6 25. Be5 Qa3 26. Rxc7 Nd7 27. Bd4 Qd6 28. Qc3 Nf6 29. Bxf6 Qxf6 30. Qxf6 gxf6 31. Bxb7 Rxd3 32. a5 Ra3 33. a6 Rd8 34. Rc2 Kg7 35. Kg2 Rd6 36. Kh3 Raxa6 37. Bxa6 Rxa6 38. f4 Ra1 39. Kh4 Ra5 40. g4 Ra4 41. Rf2 Rb4 42. Kh5 Rb3 43. h4 Rb5+ 44. f5 Ra5 45. Rf4 Rb5 46. g5 hxg5 47. hxg5 Rb1 48. gxf6+ Kxf6 1/2-1/2

[Event "Riga Tech op-A"]
[Site "Riga"]
[Date "2021.08.13"]
[Round "7"]
[White "Chukavin, Kirill"]
[Black "Yuffa, Daniil"]
[Result "1/2-1/2"]
[WhiteElo "2370"]
[BlackElo "2556"]
[PlyCount "106"]
[EventDate "2021.08.09"]
[EventType "swiss"]
[EventRounds "9"]
[EventCountry "LAT"]
[SourceTitle "CBM 203 Extra"]
[Source "ChessBase"]
[SourceDate "2021.09.30"]
[SourceVersion "1"]
[SourceVersionDate "2021.09.30"]
[SourceQuality "1"]

1. e4 c5 2. Nf3 d6 3. d4 cxd4 4. Nxd4 Nf6 5. Nc3 a6 6. g3 e5 7. Nde2 Be7 8. Bg2 b5 9. Nd5 Nxd5 10. Qxd5 Ra7 11. Be3 Rb7 12. Qd2 Nd7 13. 0-0 Nf6 14. Nc3 Be6 15. Bg5 0-0 16. Rfd1 b4 17. Bxf6 Bxf6 18. Nd5 Bg5 19. Qd3 Rb5 20. h4 Bh6 21. a4 bxa3 22. Qxa3 Bxd5 23. Rxd5 Rxd5 24. exd5 Qb6 25. b3 Ra8 26. Qa4 a5 27. Qc6 Qd8 28. b4 Bd2 29. Rxa5 Rc8 30. Qa4 g6 31. Ra7 Be1 32. Kf1 Bc3 33. Bh3 Rb8 34. Qd7 Qxd7 35. Rxd7 Bxb4 36. Rc7 Rb5 37. c4 Ra5 38. Rc8+ Kg7 39. Rc7 Kf6 40. Bd7 Ra8 41. Bc6 Rf8 42. Ke2 Bc5 43. Kf3 h5 44. Rb7 g5 45. hxg5+ Kxg5 46. Re7 f5 47. Re8 Rf7 48. Rg8+ Kf6 49. Rh8 Ra7 50. Ra8 e4+ 51. Kg2 Rg7 52. Rh8 Ke5 53. Rxh5 e3 1/2-1/2

[Event "Riga Tech op-A"]
[Site "Riga"]
[Date "2021.08.12"]
[Round "6"]
[White "Kulaots, Kaido"]
[Black "Chukavin, Kirill"]
[Result "0-1"]
[WhiteElo "2548"]
[BlackElo "2370"]
[PlyCount "80"]
[EventDate "2021.08.09"]
[EventType "swiss"]
[EventRounds "9"]
[EventCountry "LAT"]
[SourceTitle "CBM 203 Extra"]
[Source "ChessBase"]
[SourceDate "2021.09.30"]
[SourceVersion "1"]
[SourceVersionDate "2021.09.30"]
[SourceQuality "1"]

1. e4 c5 2. Nf3 e6 3. d4 cxd4 4. Nxd4 a6 5. Bd3 Nf6 6. 0-0 d6 7. c4 Be7 8. Nc3 0-0 9. Qe2 Qc7 10. f4 Nc6 11. Nxc6 bxc6 12. e5 Nd7 13. exd6 Bxd6 14. Ne4 Be7 15. Bd2 Nc5 16. Nxc5 Bxc5+ 17. Kh1 Rd8 18. Bc3 Bd4 19. Qe4 f5 20. Qe1 Bxc3 21. Qxc3 c5 22. Be2 Bb7 23. Qe3 Be4 24. b3 Rd4 25. Kg1 Rad8 26. Rfd1 Qa5 27. Rdc1 Rd2 28. Bf1 Rb2 29. Rd1 Rdd2 30. Rxd2 Qxd2 31. Qxd2 Rxd2 32. a3 a5 33. Re1 Kf7 34. Re3 Ra2 35. b4 axb4 36. axb4 cxb4 37. Rb3 Ra4 38. Rb2 Ke7 39. c5 Bd5 40. Kf2 b3 0-1

[Event "Parnu Keres Memorial IM"]
[Site "Parnu"]
[Date "2021.08.03"]
[Round "5"]
[White "Vypkhaniuk, Igor"]
[Black "Chukavin, Kirill"]
[Result "1/2-1/2"]
[WhiteElo "2412"]
[BlackElo "2370"]
[PlyCount "69"]
[EventDate "2021.08.01"]
[EventType "tourn"]
[EventRounds "9"]
[EventCountry "EST"]
[EventCategory "3"]
[SourceTitle "CBM 203 Extra"]
[Source "ChessBase"]
[SourceDate "2021.09.30"]
[SourceVersion "1"]
[SourceVersionDate "2021.09.30"]
[SourceQuality "1"]

1. Nf3 d5 2. g3 Nf6 3. Bg2 e6 4. d4 c5 5. c4 Nc6 6. cxd5 exd5 7. 0-0 Be6 8. Nc3 Rc8 9. Be3 c4 10. Ne5 Bb4 11. Bg5 0-0 12. e3 h6 13. Bxf6 Qxf6 14. f4 Bxc3 15. bxc3 Nxe5 16. fxe5 Qg6 17. Qe1 Rcd8 18. Rb1 b6 19. e4 f6 20. exf6 Rxf6 21. Rxf6 Qxf6 22. exd5 Bxd5 23. Bxd5+ Rxd5 24. Qe8+ Kh7 25. Rf1 Rd8 26. Rxf6 Rxe8 27. Rc6 Re1+ 28. Kf2 Ra1 29. Rxc4 Rxa2+ 30. Ke3 Rxh2 31. d5 Kg6 32. d6 Kf7 33. Rc7+ Ke6 34. Rxg7 Kxd6 35. Rxa7 1/2-1/2

[Event "Viljandi Raud Memorial 55th"]
[Site "Viljandi"]
[Date "2021.07.09"]
[Round "7"]
[White "Kiik, Kalle"]
[Black "Chukavin, Kirill"]
[Result "1-0"]
[WhiteElo "2382"]
[BlackElo "2384"]
[PlyCount "71"]
[EventDate "2021.07.04"]
[EventType "swiss"]
[EventRounds "9"]
[EventCountry "EST"]
[SourceTitle "CBM 203 Extra"]
[Source "ChessBase"]
[SourceDate "2021.09.30"]
[SourceVersion "1"]
[SourceVersionDate "2021.09.30"]
[SourceQuality "1"]

1. e4 c5 2. Nc3 d6 3. f4 Nc6 4. Bb5 g6 5. d4 cxd4 6. Qxd4 Nf6 7. e5 dxe5 8. Qxd8+ Kxd8 9. fxe5 Nxe5 10. Bf4 Ned7 11. Nf3 a6 12. Bc4 e6 13. Ng5 Ke8 14. 0-0-0 Be7 15. Rhe1 Nb6 16. Bb3 Kf8 17. Rf1 h6 18. Nge4 Nxe4 19. Nxe4 Nd5 20. Be5 Rg8 21. Rf3 b5 22. Rxd5 exd5 23. Bxd5 Ra7 24. Rxf7+ Ke8 25. Nf6+ Bxf6 26. Rxa7 Bg5+ 27. Kd1 Rf8 28. Bf3 Bf4 29. Bxf4 Rxf4 30. Kd2 Kd8 31. Ke3 g5 32. Be4 Rf1 33. Kd4 Rd1+ 34. Ke5 Re1 35. Rh7 Be6 36. b3 1-0

[Event "EU-Cup Online Gr-E"]
[Site "Tornelo INT"]
[Date "2021.03.27"]
[Round "4.2"]
[White "Chukavin, Kirill"]
[Black "Stefanou, Dimitrios"]
[Result "1-0"]
[WhiteElo "2384"]
[BlackElo "2099"]
[PlyCount "59"]
[EventDate "2021.03.27"]
[EventType "team-tourn (rapid)"]
[EventRounds "9"]
[EventCountry "NET"]
[SourceTitle "CBM 201 Extra"]
[Source "ChessBase"]
[SourceDate "2021.05.31"]
[SourceVersion "1"]
[SourceVersionDate "2021.05.31"]
[SourceQuality "1"]
[WhiteTeam "Reval Sport"]
[BlackTeam "Kavalas"]
[WhiteTeamCountry "EST"]
[BlackTeamCountry "GRE"]

1. e4 e5 2. Nf3 Nc6 3. Nc3 Nf6 4. Be2 d5 5. exd5 Nxd5 6. 0-0 Nxc3 7. bxc3 Bd6 8. d4 0-0 9. Re1 exd4 10. cxd4 Bg4 11. Be3 h6 12. c4 Bb4 13. Rf1 Be7 14. Rb1 b6 15. h3 Bf5 16. Rb5 Qc8 17. Bd3 Bxd3 18. Qxd3 a6 19. Rh5 Qe6 20. Re1 Nb4 21. Qb3 Qg6 22. g4 Nc6 23. Qa4 f5 24. Qc2 Nb4 25. Qb1 Rf6 26. Ne5 Qh7 27. Rxf5 Rxf5 28. gxf5 Bd6 29. Ng6 Nc6 30. Qe4 1-0

[Event "Eesti Masters"]
[Site "Tornelo INT"]
[Date "2021.02.06"]
[Round "2"]
[White "Chukavin, Kirill"]
[Black "Kulaots, Kaido"]
[Result "1/2-1/2"]
[WhiteElo "2384"]
[BlackElo "2548"]
[PlyCount "87"]
[EventDate "2021.02.05"]
[EventType "k.o. (rapid)"]
[EventRounds "3"]
[EventCountry "EST"]
[SourceTitle "CBM 200 Extra"]
[Source "ChessBase"]
[SourceDate "2021.03.31"]
[SourceVersion "1"]
[SourceVersionDate "2021.03.31"]
[SourceQuality "1"]

1. e4 c5 2. c3 d5 3. exd5 Qxd5 4. d4 g6 5. Nf3 Bg7 6. Na3 Nf6 7. Bc4 Qd8 8. dxc5 Qxd1+ 9. Kxd1 0-0 10. Ke2 Nbd7 11. Nb5 Nxc5 12. Bf4 Bf5 13. Rhd1 Na4 14. Bb3 Nc5 15. Nfd4 Bd7 16. Be5 a6 17. Bxf6 Bxf6 18. Nc7 Nxb3 19. axb3 Rad8 20. Nd5 Bg5 21. Nf3 Bc6 22. Nb4 Bxf3+ 23. Kxf3 f5 24. Nd3 Rc8 25. b4 Rc7 26. Nc5 Kf7 27. Rd7 Rxd7 28. Nxd7 Rc8 29. Nc5 Rc7 30. Re1 Bf6 31. Ne6 Rd7 32. Nc5 Rc7 33. Ne6 Rc8 34. Nc5 a5 35. Nd3 axb4 36. Nxb4 e5 37. Ra1 e4+ 38. Ke2 Be5 39. Ra7 Rc7 40. Nd5 Rd7 41. Nb6 Rc7 42. Nd5 Rd7 43. Nb6 Rc7 44. Nd5 1/2-1/2

[Event "Eesti Masters"]
[Site "Tornelo INT"]
[Date "2021.02.06"]
[Round "2"]
[White "Kulaots, Kaido"]
[Black "Chukavin, Kirill"]
[Result "1/2-1/2"]
[WhiteElo "2548"]
[BlackElo "2384"]
[PlyCount "117"]
[EventDate "2021.02.05"]
[EventType "k.o. (rapid)"]
[EventRounds "3"]
[EventCountry "EST"]
[SourceTitle "CBM 200 Extra"]
[Source "ChessBase"]
[SourceDate "2021.03.31"]
[SourceVersion "1"]
[SourceVersionDate "2021.03.31"]
[SourceQuality "1"]

1. e4 c5 2. Nf3 Nc6 3. d4 cxd4 4. Nxd4 Qb6 5. Nb3 Nf6 6. Nc3 e6 7. Bd3 a6 8. Be3 Qc7 9. f4 d6 10. Qf3 b5 11. 0-0-0 Bb7 12. Kb1 Be7 13. g4 d5 14. e5 Nd7 15. Nd4 Nb6 16. f5 Nxd4 17. Bxd4 Nc4 18. fxe6 fxe6 19. g5 0-0-0 20. Qg4 Qc6 21. Ne2 Kb8 22. h4 Bc5 23. Rhe1 Bc8 24. Bxc5 Qxc5 25. Nd4 Rdf8 26. c3 Rf2 27. Re2 Rxe2 28. Qxe2 Qc7 29. Re1 h6 30. g6 Rf8 31. b3 Na5 32. Kb2 Nc6 33. Nxc6+ Qxc6 34. Rf1 Rxf1 35. Qxf1 Qc7 36. Qf4 Bb7 37. b4 Bc8 38. Kc2 Bb7 39. Kd2 Ka7 40. Be2 Kb8 41. a3 Bc8 42. Bf1 Bb7 43. Qd4 Bc8 44. Ke3 Kb7 45. Kd2 Kb8 46. Kc2 Qa7 47. Qf4 Qg1 48. Bd3 Qe1 49. Qd4 Kb7 50. Qf4 Kb8 51. Qd4 Kb7 52. h5 Qg3 53. Be2 Qg2 54. Kd2 Qg5+ 55. Qe3 Qxe3+ 56. Kxe3 Kc6 57. Kd4 Bd7 58. Bd3 Bc8 59. Be2 1/2-1/2